[Event "Open Internacional Sant Marti 2023"]
[Site "?"]
[Date "2023.07.17"]
[Round "5.1"]
[White "Dahale, Atul"]
[Black "Arenas, David"]
[Result "1-0"]
[BlackElo "2418"]
[WhiteElo "2150"]
[LiveChessVersion "1.4.8"]

1. d4 {[%clk 1:26:42]} Nf6 {[%clk 1:30:50]} 2. c4 {[%clk 1:26:56]} e6
{[%clk 1:31:34]} 3. Nc3 {[%clk 1:26:45]} Bb4 {[%clk 1:31:56]} 4. e3
{[%clk 1:25:53]} O-O {[%clk 1:32:00]} 5. Bd3 {[%clk 1:25:42]} d5 {[%clk 1:30:46]}
6. Nge2 {[%clk 1:25:05]} c5 {[%clk 1:29:46]} 7. a3 {[%clk 1:25:29]} Bxc3+
{[%clk 1:29:37]} 8. bxc3 dxc4 {[%clk 1:29:52]} 9. Bxc4 {[%clk 1:25:42]} Qc7
{[%clk 1:22:30]} 10. Ba2 {[%clk 1:24:00]} b6 {[%clk 1:18:54]} 11. O-O
{[%clk 1:22:40]} Ba6 {[%clk 1:18:36]} 12. Re1 {[%clk 1:09:01]} Nc6
{[%clk 1:03:56]} 13. Bb2 {[%clk 1:05:07]} Na5 {[%clk 0:56:32]} 14. Qa4
{[%clk 0:59:51]} Rac8 {[%clk 0:55:15]} 15. Rac1 {[%clk 0:59:26]} b5
{[%clk 0:53:38]} 16. Qd1 {[%clk 0:56:01]} Bb7 {[%clk 0:49:21]} 17. c4 Nxc4
{[%clk 0:49:50]} 18. Bxc4 {[%clk 0:55:09]} bxc4 {[%clk 0:48:22]} 19. Rxc4
{[%clk 0:46:09]} Bxg2 {[%clk 0:45:26]} 20. dxc5 {[%clk 0:45:41]} Bd5
{[%clk 0:37:03]} 21. Rh4 {[%clk 0:45:19]} e5 {[%clk 0:37:24]} 22. Ng3
{[%clk 0:39:20]} Ba8 {[%clk 0:34:36]} 23. Nh5 {[%clk 0:29:58]} Ne8
{[%clk 0:32:40]} 24. Qg4 {[%clk 0:30:15]} Qb7 25. Qxg7+ 1-0

[Event "Open Internacional Sant Marti 2023"]
[Site "?"]
[Date "2023.07.17"]
[Round "5.2"]
[White "Asis Gargatagli, Hipolito"]
[Black "Marin Posada, Sebastian"]
[Result "1/2-1/2"]
[BlackElo "2265"]
[WhiteElo "2530"]
[LiveChessVersion "1.4.8"]

1. e4 {[%clk 1:30:56]} e5 {[%clk 1:30:50]} 2. Nf3 {[%clk 1:31:12]} Nc6
{[%clk 1:31:12]} 3. Bc4 {[%clk 1:31:18]} Bc5 {[%clk 1:31:22]} 4. d3
{[%clk 1:29:27]} Nf6 {[%clk 1:31:28]} 5. c3 {[%clk 1:29:27]} d6 {[%clk 1:31:11]}
6. Bg5 {[%clk 1:28:19]} h6 {[%clk 1:30:42]} 7. Bh4 {[%clk 1:28:44]} g5
{[%clk 1:28:13]} 8. Bg3 {[%clk 1:29:08]} O-O {[%clk 1:28:13]} 9. O-O
{[%clk 1:26:13]} a6 {[%clk 1:24:07]} 10. a4 {[%clk 1:24:45]} Ba7 {[%clk 1:20:52]}
11. Nbd2 {[%clk 1:24:27]} Kg7 {[%clk 1:19:25]} 12. Kh1 {[%clk 1:14:23]} Nh5
{[%clk 1:09:52]} 13. b4 {[%clk 0:52:44]} f5 {[%clk 0:59:22]} 14. exf5
{[%clk 0:51:15]} Bxf5 {[%clk 0:59:13]} 15. b5 {[%clk 0:51:11]} axb5
{[%clk 0:57:46]} 16. axb5 {[%clk 0:50:35]} Ne7 {[%clk 0:57:50]} 17. d4
{[%clk 0:45:49]} e4 {[%clk 0:46:09]} 18. Ne1 {[%clk 0:44:40]} Nf4
{[%clk 0:42:42]} 19. Nc2 {[%clk 0:39:19]} Ned5 {[%clk 0:34:36]} 20. Ne3
{[%clk 0:31:37]} Nxc3 {[%clk 0:31:48]} 21. Qc2 {[%clk 0:29:20]} Bxd4 22. Bxf4
{[%clk 0:11:33]} Rxa1 {[%clk 0:25:30]} 23. Rxa1 {[%clk 0:11:11]} gxf4
{[%clk 0:25:04]} 24. Nxf5+ {[%clk 0:10:19]} Rxf5 {[%clk 0:25:20]} 25. Nxe4
{[%clk 0:10:45]} Nxe4 {[%clk 0:19:12]} 26. Qxe4 {[%clk 0:11:10]} Bxa1
{[%clk 0:18:17]} 27. Qxf5 {[%clk 0:11:33]} Qe8 {[%clk 0:15:42]} 28. g3
{[%clk 0:07:38]} fxg3 {[%clk 0:14:05]} 29. hxg3 {[%clk 0:08:03]} c6
{[%clk 0:08:45]} 30. Bd3 {[%clk 0:06:31]} Qf7 {[%clk 0:08:56]} 31. Qh7+
{[%clk 0:06:29]} Kf8 {[%clk 0:09:08]} 32. Qxh6+ {[%clk 0:06:41]} Ke7
{[%clk 0:09:06]} 33. Qe3+ {[%clk 0:06:18]} Qe6 {[%clk 0:08:30]} 34. Qf3
{[%clk 0:05:44]} d5 {[%clk 0:07:41]} 35. bxc6 {[%clk 0:05:58]} bxc6
{[%clk 0:07:32]} 1/2-1/2

[Event "Open Internacional Sant Marti 2023"]
[Site "?"]
[Date "2023.07.17"]
[Round "5.3"]
[White "Sole Pijuan, Ferran"]
[Black "Berdayes Ason, Dylan Isidro"]
[Result "0-1"]
[BlackElo "2509"]
[WhiteElo "2157"]
[LiveChessVersion "1.4.8"]

1. d4 {[%clk 1:24:50]} d5 {[%clk 1:30:58]} 2. Nc3 {[%clk 1:25:07]} Nf6
{[%clk 1:31:10]} 3. Bf4 {[%clk 1:25:20]} c5 {[%clk 1:31:33]} 4. e4
{[%clk 1:25:35]} Nxe4 {[%clk 1:25:22]} 5. Nxe4 {[%clk 1:25:35]} dxe4
{[%clk 1:25:50]} 6. dxc5 {[%clk 1:25:53]} Qxd1+ {[%clk 1:24:41]} 7. Rxd1
{[%clk 1:26:04]} Nc6 {[%clk 1:24:58]} 8. Bc4 {[%clk 1:21:53]} e5 {[%clk 1:18:00]}
9. Be3 {[%clk 1:22:11]} f5 {[%clk 1:18:27]} 10. g3 {[%clk 1:20:47]} Nd4 11. Bxd4
{[%clk 1:12:14]} exd4 {[%clk 1:18:51]} 12. Rxd4 {[%clk 1:12:31]} Bxc5
{[%clk 1:19:18]} 13. Rd5 {[%clk 1:12:23]} Be7 {[%clk 1:18:18]} 14. Re5
{[%clk 1:10:57]} Kf8 {[%clk 1:14:38]} 15. Ne2 {[%clk 1:02:19]} Bf6
{[%clk 1:03:26]} 16. Rb5 a6 {[%clk 0:54:26]} 17. Rb6 {[%clk 1:01:20]} Bd8
{[%clk 0:54:53]} 18. Rb3 {[%clk 0:49:53]} b5 {[%clk 0:48:36]} 19. Bd5
{[%clk 0:50:09]} Ra7 20. O-O {[%clk 0:42:59]} Rc7 {[%clk 0:44:31]} 21. a4
{[%clk 0:33:37]} Rc5 22. Rd1 {[%clk 0:32:57]} Bf6 {[%clk 0:31:20]} 23. axb5
{[%clk 0:28:44]} axb5 {[%clk 0:31:47]} 24. Nc3 {[%clk 0:28:35]} Bxc3
{[%clk 0:23:07]} 25. Rxc3 {[%clk 0:27:50]} Rxc3 {[%clk 0:23:35]} 26. bxc3
{[%clk 0:28:13]} Ke7 {[%clk 0:24:01]} 27. Bc6 {[%clk 0:24:53]} Be6
{[%clk 0:24:29]} 28. Bxb5 {[%clk 0:25:13]} Rc8 {[%clk 0:24:57]} 29. c4
{[%clk 0:25:14]} Bxc4 {[%clk 0:25:00]} 30. Bxc4 {[%clk 0:25:17]} Rxc4 31. Rd2
{[%clk 0:25:21]} Rc3 {[%clk 0:24:44]} 32. h4 {[%clk 0:23:47]} Kf6
{[%clk 0:24:16]} 33. Kg2 {[%clk 0:23:00]} Kg6 {[%clk 0:24:40]} 34. Kf1
{[%clk 0:21:03]} Kh5 {[%clk 0:21:47]} 35. Rd7 Kh6 {[%clk 0:19:37]} 36. Rd2
{[%clk 0:21:13]} g6 {[%clk 0:20:06]} 37. Ke1 {[%clk 0:19:44]} Kh5 38. Re2
{[%clk 0:10:44]} Kg4 {[%clk 0:16:40]} 39. Kd2 {[%clk 0:11:07]} Rc4
{[%clk 0:13:49]} 40. Re3 {[%clk 0:11:13]} Kh3 {[%clk 0:12:40]} 41. f3
{[%clk 0:09:46]} Kg2 {[%clk 0:12:12]} 42. fxe4 {[%clk 0:08:59]} fxe4
{[%clk 0:12:41]} 43. g4 {[%clk 0:06:53]} Kf2 44. Re2+ {[%clk 0:05:50]} Kf3
{[%clk 0:13:15]} 45. Rh2 {[%clk 0:06:00]} Rd4+ {[%clk 0:11:59]} 46. Ke1
{[%clk 0:06:15]} Kg3 {[%clk 0:10:00]} 47. Rh1 {[%clk 0:06:30]} Kg2
{[%clk 0:09:27]} 0-1

[Event "Open Internacional Sant Marti 2023"]
[Site "?"]
[Date "2023.07.17"]
[Round "5.4"]
[White "Escalante Ramirez, Brian Sebasti"]
[Black "Hernando Rodrigo, Julio Antonio"]
[Result "1-0"]
[BlackElo "2240"]
[WhiteElo "2488"]
[LiveChessVersion "1.4.8"]

1. e4 e6 {[%clk 1:22:04]} 2. d4 {[%clk 1:30:41]} d5 {[%clk 1:22:20]} 3. Nc3
{[%clk 1:31:09]} Bb4 {[%clk 1:22:26]} 4. Nge2 {[%clk 1:31:36]} dxe4
{[%clk 1:22:27]} 5. a3 {[%clk 1:32:03]} Be7 {[%clk 1:22:34]} 6. Nxe4
{[%clk 1:32:28]} Nf6 {[%clk 1:22:56]} 7. Nxf6+ {[%clk 1:32:52]} Bxf6
{[%clk 1:23:20]} 8. Be3 {[%clk 1:33:18]} e5 {[%clk 1:18:28]} 9. d5
{[%clk 1:18:57]} O-O {[%clk 1:08:50]} 10. Ng3 {[%clk 1:16:09]} e4
{[%clk 1:08:28]} 11. c3 {[%clk 1:03:02]} Re8 12. Bc4 {[%clk 1:03:29]} Nd7
{[%clk 1:01:42]} 13. O-O {[%clk 0:57:50]} Be5 {[%clk 0:57:35]} 14. f4
{[%clk 0:51:43]} Bd6 15. b4 {[%clk 0:52:11]} a5 {[%clk 0:47:55]} 16. Bb5 axb4 17.
axb4 {[%clk 0:45:38]} Rxa1 {[%clk 0:46:46]} 18. Qxa1 c6 {[%clk 0:32:09]} 19. dxc6
{[%clk 0:45:21]} bxc6 {[%clk 0:32:19]} 20. Bxc6 {[%clk 0:31:27]} Qc7
{[%clk 0:24:26]} 21. Bb5 {[%clk 0:29:30]} Re6 22. Nf5 {[%clk 0:29:58]} Bf8
{[%clk 0:23:29]} 23. Bd4 Rg6 {[%clk 0:20:25]} 24. Ne3 {[%clk 0:26:31]} Nf6 25.
Qa7 {[%clk 0:16:24]} Qd8 {[%clk 0:17:52]} 26. Bc4 {[%clk 0:14:16]} Bd7
{[%clk 0:16:28]} 27. Rd1 {[%clk 0:11:36]} Be8 28. Bb6 {[%clk 0:11:27]} Qc8
{[%clk 0:14:13]} 29. Rd8 {[%clk 0:11:51]} Qh3 {[%clk 0:12:37]} 30. Rxe8
{[%clk 0:11:16]} Nd7 31. Rxf8+ 1-0

[Event "Open Internacional Sant Marti 2023"]
[Site "?"]
[Date "2023.07.17"]
[Round "5.5"]
[White "Serrano Batova, Vicent"]
[Black "Shyaamnikhil, P"]
[Result "1/2-1/2"]
[BlackElo "2473"]
[WhiteElo "2061"]
[LiveChessVersion "1.4.8"]

1. d4 {[%clk 1:30:58]} Nf6 {[%clk 1:30:33]} 2. Nf3 b6 {[%clk 1:28:54]} 3. e3
{[%clk 1:31:48]} Bb7 {[%clk 1:29:20]} 4. Bd3 g6 5. Nbd2 {[%clk 1:31:57]} c5
{[%clk 1:28:11]} 6. O-O {[%clk 1:32:04]} Bg7 {[%clk 1:28:30]} 7. c3
{[%clk 1:31:11]} d5 {[%clk 1:27:16]} 8. Ne5 {[%clk 1:31:12]} O-O {[%clk 1:27:35]}
9. f4 {[%clk 1:30:53]} Qc8 {[%clk 1:25:24]} 10. a4 {[%clk 1:01:07]} Ba6 11. Qe2
{[%clk 1:01:03]} Bxd3 {[%clk 1:21:59]} 12. Nxd3 {[%clk 1:00:19]} Nbd7
{[%clk 1:15:20]} 13. b4 Ne4 {[%clk 1:15:46]} 14. Nxe4 {[%clk 0:56:51]} dxe4
{[%clk 1:09:14]} 15. Nf2 {[%clk 0:56:46]} cxb4 {[%clk 1:09:01]} 16. cxb4
{[%clk 0:54:46]} Nf6 {[%clk 1:07:39]} 17. Bd2 {[%clk 0:50:11]} Qe6
{[%clk 1:05:08]} 18. Rfc1 Nd5 {[%clk 1:05:13]} 19. Rc4 {[%clk 0:37:16]} f5
{[%clk 1:01:12]} 20. Rac1 {[%clk 0:32:48]} Rfc8 {[%clk 0:56:33]} 21. b5 Qd7
{[%clk 0:56:36]} 22. Nd1 {[%clk 0:30:36]} e6 23. Nc3 Rxc4 {[%clk 0:53:06]} 24.
Qxc4 {[%clk 0:27:41]} Rc8 {[%clk 0:51:10]} 25. Qb3 {[%clk 0:27:34]} Nf6
{[%clk 0:49:13]} 26. Na2 {[%clk 0:27:27]} Rxc1+ {[%clk 0:49:13]} 27. Bxc1
{[%clk 0:27:33]} Qc8 28. Qc3 {[%clk 0:22:29]} Qxc3 {[%clk 0:49:32]} 29. Nxc3
{[%clk 0:22:58]} Bf8 {[%clk 0:49:45]} 30. Kf1 {[%clk 0:22:45]} h6 31. Ke2
{[%clk 0:16:16]} g5 {[%clk 0:49:02]} 32. g3 {[%clk 0:17:13]} gxf4
{[%clk 0:44:23]} 33. gxf4 {[%clk 0:17:24]} Kf7 {[%clk 0:43:05]} 34. Bd2
{[%clk 0:17:12]} Kg6 {[%clk 0:37:15]} 35. Na2 Nd5 {[%clk 0:37:29]} 36. Kf2
{[%clk 0:15:55]} Be7 37. Kg2 Kf7 {[%clk 0:36:32]} 38. Kf2 {[%clk 0:15:02]} Ke8
{[%clk 0:34:31]} 39. Ke2 Kd7 40. Kd1 {[%clk 0:11:38]} Nf6 {[%clk 0:33:21]} 41.
Ke2 Nd5 {[%clk 0:32:08]} 42. Kd1 {[%clk 0:11:55]} Kc7 {[%clk 0:31:47]} 43. Nc3
{[%clk 0:09:21]} Nb4 44. Ne2 {[%clk 0:09:34]} Nd3 {[%clk 0:29:56]} 45. Nc1
{[%clk 0:09:42]} Nf2+ {[%clk 0:19:32]} 46. Ke2 Ng4 47. h3 {[%clk 0:09:28]} Nf6
{[%clk 0:19:59]} 48. Na2 {[%clk 0:09:35]} Nd5 49. Kd1 {[%clk 0:08:21]} Kc8
{[%clk 0:19:43]} 50. Kc2 {[%clk 0:08:33]} Kd7 51. Kd1 {[%clk 0:08:50]} Ke8
{[%clk 0:18:48]} 52. Ke2 Bd6 {[%clk 0:18:23]} 53. Kd1 {[%clk 0:09:05]} Ke7
{[%clk 0:18:08]} 54. Ke2 {[%clk 0:09:26]} Ba3 55. Kd1 Ke8 {[%clk 0:14:18]} 56.
Ke2 {[%clk 0:09:46]} Be7 {[%clk 0:11:59]} 57. Ke1 {[%clk 0:10:08]} Kd8
{[%clk 0:11:07]} 58. Kd1 {[%clk 0:10:36]} Kd7 {[%clk 0:11:30]} 59. Kc2 Bd6
{[%clk 0:11:33]} 60. Kd1 {[%clk 0:10:58]} Kc8 {[%clk 0:11:35]} 61. Kc2
{[%clk 0:11:17]} Kb7 62. Kb3 Kc7 {[%clk 0:10:19]} 63. Kc2 {[%clk 0:11:37]} Be7
{[%clk 0:07:57]} 64. Kd1 {[%clk 0:10:48]} Kd7 65. Kc2 Nf6 {[%clk 0:07:17]} 66.
Kd1 {[%clk 0:10:41]} Bd6 67. Be1 {[%clk 0:10:49]} Ne8 {[%clk 0:05:59]} 68. Kc2
Be7 {[%clk 0:05:58]} 69. Kd1 {[%clk 0:11:04]} Nc7 {[%clk 0:05:37]} 70. Kc2 Nd5
{[%clk 0:04:59]} 71. Bd2 {[%clk 0:11:38]} e5 {[%clk 0:03:54]} 72. dxe5
{[%clk 0:10:44]} Bc5 {[%clk 0:04:40]} 73. Nc3 {[%clk 0:09:36]} Nxe3+
{[%clk 0:05:06]} 74. Bxe3 {[%clk 0:09:35]} Bxe3 {[%clk 0:05:30]} 75. Nd5
{[%clk 0:09:10]} Bc5 {[%clk 0:05:44]} 76. Kd2 {[%clk 0:08:53]} Ke6 77. Ne3
1/2-1/2

[Event "Open Internacional Sant Marti 2023"]
[Site "?"]
[Date "2023.07.17"]
[Round "5.6"]
[White "Jimenez Garcia, Emmanuel"]
[Black "Thakur, Akash"]
[Result "1-0"]
[BlackElo "2193"]
[WhiteElo "2437"]
[LiveChessVersion "1.4.8"]

1. Nf3 {[%clk 1:30:03]} d5 {[%clk 1:30:51]} 2. g3 {[%clk 1:30:22]} g6 3. c4
{[%clk 1:30:02]} c6 {[%clk 1:28:51]} 4. Qa4 {[%clk 1:30:06]} Nf6 {[%clk 1:24:33]}
5. cxd5 {[%clk 1:27:59]} b5 {[%clk 1:22:45]} 6. Qb3 {[%clk 1:27:04]} Qxd5 7. Nc3
{[%clk 1:27:28]} Qxb3 {[%clk 1:05:27]} 8. axb3 b4 {[%clk 1:05:49]} 9. Na4
{[%clk 1:21:03]} Nbd7 {[%clk 1:05:53]} 10. Bg2 {[%clk 1:20:11]} Bb7
{[%clk 0:57:15]} 11. d4 {[%clk 1:15:44]} c5 12. Nxc5 {[%clk 1:15:10]} Nxc5
{[%clk 0:49:08]} 13. dxc5 {[%clk 0:59:24]} e6 {[%clk 0:36:34]} 14. Be3
{[%clk 0:59:21]} Ng4 {[%clk 0:36:36]} 15. Bd4 {[%clk 0:48:24]} e5
{[%clk 0:35:36]} 16. h3 {[%clk 0:48:40]} exd4 {[%clk 0:35:26]} 17. hxg4 Bxc5
{[%clk 0:35:26]} 18. Nh4 {[%clk 0:48:15]} Rb8 {[%clk 0:32:15]} 19. Bxb7
{[%clk 0:44:59]} Rxb7 {[%clk 0:26:55]} 20. Kd2 {[%clk 0:44:25]} Bb6
{[%clk 0:24:46]} 21. Nf3 {[%clk 0:43:18]} Ke7 {[%clk 0:24:46]} 22. Rac1
{[%clk 0:41:15]} Rd7 {[%clk 0:19:43]} 23. Kd3 {[%clk 0:38:45]} Rd6
{[%clk 0:18:24]} 24. g5 {[%clk 0:37:26]} f6 25. Rh4 {[%clk 0:37:47]} fxg5
{[%clk 0:17:30]} 26. Nxg5 {[%clk 0:37:09]} h5 {[%clk 0:17:03]} 27. Re4+
{[%clk 0:37:19]} Kf6 {[%clk 0:17:03]} 28. f4 Rd5 {[%clk 0:12:28]} 29. Rc6+
{[%clk 0:33:20]} Kf5 {[%clk 0:12:28]} 30. Nf3 {[%clk 0:33:20]} Rg8
{[%clk 0:12:28]} 31. Ree6 {[%clk 0:29:57]} g5 {[%clk 0:08:46]} 32. Nxg5
{[%clk 0:29:38]} h4 {[%clk 0:09:02]} 33. gxh4 {[%clk 0:21:42]} Kxf4
{[%clk 0:09:02]} 34. Nf3 {[%clk 0:16:55]} Rf5 {[%clk 0:06:44]} 35. Rc4
{[%clk 0:15:29]} Kg3 {[%clk 0:06:44]} 36. Rxb4 {[%clk 0:14:44]} Kf2
{[%clk 0:05:22]} 37. Rc4 {[%clk 0:15:09]} Rb5 {[%clk 0:04:47]} 38. b4
{[%clk 0:12:32]} Rg4 {[%clk 0:03:01]} 39. Rf6 {[%clk 0:12:06]} Kg2
{[%clk 0:03:01]} 40. Rc1 Rg3 {[%clk 0:01:34]} 41. Kc4 {[%clk 0:06:10]} Rh5
{[%clk 0:01:30]} 42. Ne1+ {[%clk 0:05:53]} Kh3 {[%clk 0:01:30]} 43. Nd3 Rh8
{[%clk 0:00:50]} 44. Rh1+ {[%clk 0:05:08]} Kg2 {[%clk 0:00:50]} 45. Rff1
{[%clk 0:05:33]} Rc8+ {[%clk 0:00:36]} 46. Kb5 1-0

[Event "Open Internacional Sant Marti 2023"]
[Site "?"]
[Date "2023.07.17"]
[Round "5.7"]
[White "Subhayan, Kundu"]
[Black "Macovei, Andrei"]
[Result "0-1"]
[BlackElo "2436"]
[WhiteElo "2326"]
[LiveChessVersion "1.4.8"]

1. e4 {[%clk 1:30:57]} c5 {[%clk 1:28:30]} 2. Nf3 {[%clk 1:30:59]} d6
{[%clk 1:27:54]} 3. d4 {[%clk 1:31:15]} cxd4 {[%clk 1:28:17]} 4. Nxd4
{[%clk 1:31:41]} Nf6 {[%clk 1:28:42]} 5. Nc3 {[%clk 1:32:01]} a6 {[%clk 1:27:30]}
6. Be3 {[%clk 1:31:46]} e5 {[%clk 1:27:35]} 7. Nb3 {[%clk 1:32:10]} Be6
{[%clk 1:27:52]} 8. f3 {[%clk 1:32:29]} h5 {[%clk 1:27:31]} 9. Qd2
{[%clk 1:32:48]} Nbd7 {[%clk 1:27:52]} 10. Nd5 {[%clk 1:29:16]} Bxd5
{[%clk 1:28:16]} 11. exd5 {[%clk 1:29:40]} g6 {[%clk 1:28:37]} 12. Be2
{[%clk 1:23:48]} Bg7 {[%clk 1:29:00]} 13. Na5 {[%clk 1:21:30]} Qc7
{[%clk 1:28:45]} 14. c4 {[%clk 1:20:15]} e4 {[%clk 1:29:11]} 15. Rc1
{[%clk 1:13:26]} exf3 {[%clk 1:27:15]} 16. gxf3 {[%clk 1:12:53]} O-O
{[%clk 1:27:09]} 17. O-O {[%clk 1:13:19]} Rfe8 {[%clk 1:26:41]} 18. b4
{[%clk 1:13:36]} Rxe3 {[%clk 1:22:30]} 19. Qxe3 {[%clk 1:13:58]} Re8
{[%clk 1:22:58]} 20. Qd2 Bh6 {[%clk 0:54:50]} 21. Qxh6 {[%clk 1:10:14]} Rxe2
{[%clk 0:55:18]} 22. a3 {[%clk 1:02:03]} Qb6+ {[%clk 0:50:29]} 23. Kh1
{[%clk 1:02:09]} Qd4 {[%clk 0:49:40]} 24. Rce1 {[%clk 1:00:21]} Ng4
{[%clk 0:48:22]} 25. Rxe2 {[%clk 0:57:04]} Nxh6 {[%clk 0:47:53]} 0-1

[Event "Open Internacional Sant Marti 2023"]
[Site "?"]
[Date "2023.07.17"]
[Round "5.8"]
[White "Narciso Dublan, Marc"]
[Black "Md, Bashiq Imrose"]
[Result "1-0"]
[BlackElo "1771"]
[WhiteElo "2424"]
[LiveChessVersion "1.4.8"]

1. e4 {[%clk 1:30:52]} c6 2. d4 {[%clk 1:28:56]} d5 {[%clk 1:30:42]} 3. e5
{[%clk 1:28:54]} Bf5 {[%clk 1:30:45]} 4. c4 {[%clk 1:29:00]} e6 {[%clk 1:30:04]}
5. Nc3 {[%clk 1:28:27]} Nd7 {[%clk 1:26:40]} 6. h3 Bb4 7. cxd5 {[%clk 1:18:08]}
cxd5 {[%clk 1:25:48]} 8. Bd2 Bxc3 {[%clk 1:22:58]} 9. Bxc3 {[%clk 1:18:26]} Ne7
10. Nf3 O-O {[%clk 1:20:43]} 11. Be2 {[%clk 1:08:27]} Nc6 {[%clk 1:16:53]} 12.
O-O {[%clk 1:08:27]} f6 {[%clk 1:15:57]} 13. exf6 {[%clk 1:04:59]} Nxf6 14. Bb5
Ne4 {[%clk 1:05:37]} 15. Bxc6 {[%clk 0:59:13]} Nxc3 {[%clk 1:05:27]} 16. bxc3
{[%clk 0:59:09]} bxc6 {[%clk 1:05:53]} 17. Ne5 {[%clk 0:46:41]} Qh4
{[%clk 0:37:10]} 18. Qe1 Rac8 19. Qe3 {[%clk 0:42:38]} h6 {[%clk 0:33:48]} 20.
Rac1 Rb8 {[%clk 0:28:14]} 21. Nd7 {[%clk 0:34:34]} Rb2 {[%clk 0:28:34]} 22. Nxf8
{[%clk 0:34:49]} Kxf8 {[%clk 0:29:00]} 23. c4 {[%clk 0:30:17]} Rxa2
{[%clk 0:28:14]} 24. cxd5 {[%clk 0:30:28]} cxd5 {[%clk 0:28:41]} 25. Ra1
{[%clk 0:21:53]} Rxa1 {[%clk 0:28:35]} 26. Rxa1 {[%clk 0:22:18]} Qe7
{[%clk 0:28:57]} 27. Qa3 {[%clk 0:22:37]} Qxa3 {[%clk 0:29:21]} 28. Rxa3
{[%clk 0:23:03]} Kf7 {[%clk 0:29:45]} 29. Rxa7+ {[%clk 0:23:27]} Kf6 30. f3
{[%clk 0:21:48]} g5 {[%clk 0:30:23]} 31. Kf2 Kg6 {[%clk 0:29:30]} 32. Ke3
{[%clk 0:21:57]} Kf6 {[%clk 0:29:42]} 33. g4 {[%clk 0:20:52]} Bc2
{[%clk 0:30:00]} 34. f4 {[%clk 0:20:15]} Be4 {[%clk 0:29:36]} 35. Ra2
{[%clk 0:15:15]} Kg6 36. Rh2 h5 {[%clk 0:27:59]} 37. fxg5 {[%clk 0:15:18]} hxg4
38. Kf4 {[%clk 0:15:33]} gxh3 {[%clk 0:28:17]} 39. Rxh3 {[%clk 0:15:55]} 1-0

[Event "Open Internacional Sant Marti 2023"]
[Site "?"]
[Date "2023.07.17"]
[Round "5.9"]
[White "Kaustuv, Kundu"]
[Black "Alcala Gonzalez, Cesar"]
[Result "0-1"]
[BlackElo "2329"]
[WhiteElo "2266"]
[LiveChessVersion "1.4.8"]

1. c4 {[%clk 1:30:26]} e6 {[%clk 1:30:53]} 2. Nf3 {[%clk 1:30:22]} d5
{[%clk 1:31:18]} 3. e3 {[%clk 1:30:41]} Nf6 {[%clk 1:31:32]} 4. b3
{[%clk 1:30:44]} c6 {[%clk 1:31:43]} 5. Bb2 {[%clk 1:31:06]} Nbd7
{[%clk 1:31:50]} 6. Qc2 {[%clk 1:31:17]} Bd6 {[%clk 1:30:22]} 7. Nc3
{[%clk 1:31:39]} O-O {[%clk 1:30:41]} 8. Rg1 {[%clk 1:31:56]} e5 {[%clk 1:22:21]}
9. cxd5 {[%clk 1:32:02]} Nxd5 {[%clk 1:22:45]} 10. Ne4 {[%clk 1:30:30]} Qe7
{[%clk 1:17:24]} 11. Nxd6 {[%clk 1:25:42]} Qxd6 {[%clk 1:17:50]} 12. g4
{[%clk 1:21:08]} Re8 13. d3 {[%clk 1:10:06]} Nb4 {[%clk 0:58:37]} 14. Qd2
{[%clk 1:02:36]} Nc5 {[%clk 0:22:30]} 15. Nxe5 {[%clk 0:49:46]} a5
{[%clk 0:22:23]} 16. d4 {[%clk 0:49:09]} Ne4 17. Qd1 f6 {[%clk 0:21:48]} 18. Nf3
{[%clk 0:46:20]} Be6 {[%clk 0:22:14]} 19. a3 {[%clk 0:36:44]} Nd5 20. Bd3
{[%clk 0:26:46]} Bf7 {[%clk 0:18:49]} 21. Kf1 Bg6 {[%clk 0:14:48]} 22. h4
{[%clk 0:24:46]} Nxf2 {[%clk 0:13:47]} 23. Kxf2 {[%clk 0:25:11]} Nxe3
{[%clk 0:14:16]} 24. Qd2 {[%clk 0:25:25]} Qf4 {[%clk 0:11:35]} 25. h5
{[%clk 0:16:01]} Bf7 26. Bc4 Bxc4 {[%clk 0:10:02]} 27. bxc4 {[%clk 0:16:26]}
Nxg4+ {[%clk 0:10:24]} 28. Rxg4 {[%clk 0:16:51]} Qxg4 {[%clk 0:10:52]} 29. h6
{[%clk 0:16:43]} g5 {[%clk 0:08:32]} 30. d5 {[%clk 0:14:23]} Qf5 31. Kg3
{[%clk 0:04:11]} Re4 {[%clk 0:08:06]} 32. dxc6 {[%clk 0:02:26]} bxc6
{[%clk 0:08:00]} 33. Nh2 {[%clk 0:02:28]} Rae8 {[%clk 0:08:00]} 34. Rf1
{[%clk 0:02:53]} Re3+ {[%clk 0:07:20]} 0-1

[Event "Open Internacional Sant Marti 2023"]
[Site "?"]
[Date "2023.07.17"]
[Round "5.10"]
[White "Valenzuela Gomez, Fernando"]
[Black "Chirivi C, Jenny Astrid"]
[Result "0-1"]
[BlackElo "2166"]
[WhiteElo "2403"]
[LiveChessVersion "1.4.8"]

1. e4 {[%clk 1:15:50]} e5 {[%clk 1:30:39]} 2. Nf3 {[%clk 1:16:17]} Nc6
{[%clk 1:30:50]} 3. Bb5 {[%clk 1:16:43]} a6 {[%clk 1:31:03]} 4. Ba4
{[%clk 1:17:24]} Nf6 {[%clk 1:30:59]} 5. O-O {[%clk 1:17:47]} b5 {[%clk 1:29:09]}
6. Bb3 {[%clk 1:17:13]} Bb7 7. d3 Be7 {[%clk 1:28:08]} 8. a3 {[%clk 1:17:10]} O-O
{[%clk 1:27:46]} 9. Nc3 {[%clk 1:12:24]} Nd4 10. Nxd4 {[%clk 1:12:43]} exd4
{[%clk 1:27:57]} 11. Nd5 {[%clk 1:13:10]} Nxd5 {[%clk 1:22:20]} 12. exd5
{[%clk 0:58:23]} c5 {[%clk 1:13:17]} 13. Bf4 {[%clk 0:50:04]} d6 {[%clk 1:13:17]}
14. a4 {[%clk 0:48:12]} Bg5 {[%clk 1:00:39]} 15. Bg3 {[%clk 0:34:56]} Qc7
{[%clk 0:50:23]} 16. Ba2 {[%clk 0:28:40]} Rfe8 {[%clk 0:46:44]} 17. Re1
{[%clk 0:28:06]} Bf6 {[%clk 0:43:37]} 18. Qd2 {[%clk 0:18:40]} Be5
{[%clk 0:31:14]} 19. Re4 c4 {[%clk 0:31:12]} 20. dxc4 {[%clk 0:17:07]} bxc4 21.
Rxd4 {[%clk 0:15:39]} Bxd4 {[%clk 0:30:24]} 22. Qxd4 {[%clk 0:09:56]} Rac8
{[%clk 0:25:42]} 23. b4 {[%clk 0:10:01]} cxb3 {[%clk 0:25:07]} 24. Bxb3
{[%clk 0:09:15]} a5 {[%clk 0:24:24]} 25. h3 {[%clk 0:07:19]} Ba6 {[%clk 0:22:39]}
26. Qd2 {[%clk 0:06:00]} Re4 {[%clk 0:22:01]} 27. Kh2 {[%clk 0:03:54]} Rce8
{[%clk 0:21:51]} 28. Rd1 {[%clk 0:03:49]} h6 {[%clk 0:19:31]} 29. f3
{[%clk 0:02:50]} Re3 {[%clk 0:15:44]} 30. Qd4 {[%clk 0:03:00]} Re2
{[%clk 0:11:08]} 31. Qf4 {[%clk 0:02:52]} R8e5 {[%clk 0:09:59]} 32. h4
{[%clk 0:02:13]} Qc3 {[%clk 0:08:32]} 33. Qg4 {[%clk 0:01:39]} R5e3
{[%clk 0:08:00]} 34. Bxd6 {[%clk 0:01:32]} Rxf3 35. Kh1 Re1+ {[%clk 0:07:57]} 36.
Rxe1 {[%clk 0:01:52]} Qxe1+ {[%clk 0:08:23]} 37. Kh2 {[%clk 0:02:17]} Rf1
{[%clk 0:08:43]} 38. Kh3 {[%clk 0:01:49]} Rh1+ {[%clk 0:07:37]} 39. Bh2
{[%clk 0:02:17]} Qe5 0-1